| 000 | 00922cam a2200157 4500500 | ||
|---|---|---|---|
| 005 | 20260405051019.0 | ||
| 041 | _afre | ||
| 042 | _adc | ||
| 100 | 1 | 0 |
_aSebillotte Cuchet, Violaine _eauthor |
| 700 | 1 | 0 |
_aBoehringer, Sandra _eauthor |
| 700 | 1 | 0 |
_aSebillotte-Cuchet, Violaine _eauthor |
| 245 | 0 | 0 | _aHommes et femmes dans l'Antiquité grecque et romaine |
| 260 |
_bArmand Colin,
_c2011. |
||
| 520 | _aSandra Boehringer est maîtresse de conférences en histoire grecque à l’Université de Strasbourg.Violaine Sebillotte Cuchet est professeure d’histoire grecque à l’Université Paris 1.1. Le genre, dans et pour l’Histoire 2. Une méthode d’analyse utile : documents commentés par une vingtaine de spécialistes de l’Antiquité 3. Parcours de lecture | ||
| 856 | 4 | 1 | _uhttps://shs.cairn.info/hommes-et-femmes-dans-l-antiquite-grecque-et-romaine--9782200259136?lang=fr&redirect-ssocas=7080 |
| 999 |
_c2174694 _d2174694 |
||